000 01378cam a22003615a 4500
001 L159290
008 160511s2016 xxk f 000 0 eng d
020 _a9780415732215
035 _a(Sirsi) u159290
041 0 _aeng
050 0 4 _a690.2
100 1 _aMelville, Ian
245 0 0 _aInspections and reports on dwellings
_bReporting for buyers
_h[electronic resources]
250 _a2 ed
260 _aAbingdon, Routledge, 2016
300 _aix 307p 24 cm
490 0 _aInspections and Reports on Dwellings
520 _aOffers guidance and information for professionals such as solicitors and licensed conveyancers to be able to advise clients on the range of inspection and report products available to help them make an informed choice about the condition and state of properties they are proposing to purchase.
520 _aSupersedes 1st ed 2007 0727204495
590 _aKA
650 2 4 _aHOME SURVEYS
650 2 4 _aRICS HOMEBUYER SURVEY AND VALUATION
650 2 4 _aCONDITION REPORTS
650 2 4 _aBUILDING SURVEY
650 2 4 _aMORTGAGE VALUATION
651 4 _aEngland and Wales
690 _aSurvey reports
_96270
690 _aBuilding surveying
_96225
690 _aValuation
_96273
700 1 _aGordon, Ian A.
856 4 0 _uhttps://www.vlebooks.com/
_zView on VLEbooks. Logins for members only from [email protected]
942 _n0
_2ddc
999 _c115782
_d115782